000
00289nam a22001337a 4500
008
170606b xxu||||| |||| 00| 0 eng d
020
_a
9780415924788
041
_a
eng
080
_a
32
100
_a
18
101
_a
SHH
245
_a
INSPEKABLE TRUTHS
_c
HAYNER.P.B
942
_2
udc
_c
BK
999
_c
16191
_d
16191